000 00853nam a2200253Ia 4500
003 OSt
005 20220926010533.0
006 a|||||r|||| 00| 0
007 ta
008 220923b |||||||| |||| 00| 0 eng d
020 _a8189884437
_c505.75
037 _b3795, 18/09/2009, RAJKIRAN BOOK AGENCY
_cGeneral Book
040 _aRTL
_cRTL
_beng
041 _2eng
_aeng
082 _aY15-73(Q7).275.N, P8
100 _aSARKAR Mahua
_927719
245 0 _aVisible histories disappearing women
_b Producing muslim womanhood in late colonial Bengal.
260 _a New Delhi
_bZubaan
_c2008
300 _axi, 338p
_ccm.
500 _aBibliography P 287-329
650 _aMUSLIM WOMEN
_926390
942 _hY15-73(Q7).275.N, P8
_cGB
_2CC
999 _c617572
_d617572